[Event "GBR-ch Morning op 104th"]
[Site "Llandudno"]
[Date "2017.08.03"]
[Round "4"]
[White "Whitehead, Mark A"]
[Black "Hughes, Gavin James"]
[Result "1/2-1/2"]
[WhiteElo "1917"]
[BlackElo "1849"]
[PlyCount "93"]
[EventDate "2017.07.31"]
[EventType "swiss"]
[EventRounds "5"]
[EventCountry "WLS"]
[SourceTitle "EXT 2018"]
[Source "ChessBase"]
[SourceDate "2017.10.13"]
[SourceVersion "1"]
[SourceVersionDate "2017.10.13"]
[SourceQuality "1"]

1. e4 c5 2. Nc3 e6 3. g3 Nc6 4. Bg2 d6 5. d3 Nf6 6. Nge2 Be7 7. 0-0 a6 8. f4 Qc7 9. h3 Rb8 10. g4 b5 11. Ng3 b4 12. Nce2 Nd4 13. Be3 Nxe2+ 14. Qxe2 a5 15. g5 Nd7 16. f5 e5 17. Nh5 Bf8 18. Qf3 f6 19. b3 Bb7 20. Qg4 Bc6 21. Qh4 Qd8 22. Rf3 a4 23. Rg3 Rb7 24. gxf6 Nxf6 25. Bg5 Rf7 26. Bf3 Kd7 27. Kh2 Be7 28. Rag1 Kc7 29. Nxf6 Bxf6 30. Bxf6 gxf6 31. Rg7 Qe7 32. Qh6 Kb6 33. Bh5 Rxg7 34. Rxg7 Qf8 35. Bf7 Qd8 36. Qe3 a3 37. Qg3 d5 38. exd5 Bxd5 39. Bxd5 Qxd5 40. Qg2 Qxg2+ 41. Kxg2 Kc6 42. Rf7 Kd5 43. Rd7+ Kc6 44. Rg7 Kd5 45. Rd7+ Kc6 46. Rg7 Kd5 47. Rd7+ 1/2-1/2

[Event "GBR-ch Morning op 104th"]
[Site "Llandudno"]
[Date "2017.08.02"]
[Round "3"]
[White "Hughes, Gavin James"]
[Black "Villiers, Thomas"]
[Result "0-1"]
[WhiteElo "1849"]
[BlackElo "2122"]
[PlyCount "66"]
[EventDate "2017.07.31"]
[EventType "swiss"]
[EventRounds "5"]
[EventCountry "WLS"]
[SourceTitle "EXT 2018"]
[Source "ChessBase"]
[SourceDate "2017.10.13"]
[SourceVersion "1"]
[SourceVersionDate "2017.10.13"]
[SourceQuality "1"]

1. e4 c5 2. Nc3 Nc6 3. f4 e6 4. Bb5 Nd4 5. Nf3 Nxb5 6. Nxb5 a6 7. Nc3 b5 8. d3 b4 9. Ne2 d5 10. e5 Ne7 11. 0-0 Bd7 12. d4 Bb5 13. c3 Nc6 14. Be3 bxc3 15. bxc3 cxd4 16. Nfxd4 Nxd4 17. cxd4 Be7 18. Rf3 0-0 19. Rh3 f5 20. Ng3 Be8 21. Nh5 Bg6 22. g4 Qd7 23. Ng3 fxg4 24. Qxg4 Rab8 25. Rf1 Rb2 26. Rf2 Rxf2 27. Kxf2 Rb8 28. Rh5 Rb2+ 29. Kf3 Qa4 30. Qxe6+ Bf7 31. Qc8+ Bf8 32. Nf5 Bxh5+ 33. Kg3 Qe8 0-1